Préfectures de France : Cahors - Statistiques

Statistiques générales
  • Ce quiz a été pris 52 fois
  • Le résultat moyen est 11 sur 23
Statistiques - réponses
Question Réponse % Correct
Quel numéro porte celui-ci ? 46
100%
De quel département est-ce la préfecture ? Lot
97%
La ville appartient à l'académie de/d' Toulouse
92%
A quelle région administrative appartient la ville depuis 2015 ? Occitanie
86%
Cahors est plus proche de Paris ou de Barcelone ? Barcelone
81%
Quelles sont les sous-préfectures qui en dépendent ? Figeac
78%
Comment se nomment ses habitants ? Cadurciens
73%
Le célèbre pont de la ville est le pont Valentré
70%
La ville appartient au diocèse de/d' Cahors
65%
Quelle est la couleur principale du fond du blason ? Rouge
62%
Quelles sont les sous-préfectures qui en dépendent ? Gourdon
59%
Quelles fleurs figurent sur le blason ? Lys
51%
Quel ouvrage d'art figure sur le blason ? Pont
46%
Ce pape est né à Cahors Jean XXII
32%
Cet homme politique est né à Cahors, il a donné son nom au lycée de la ville (prénom et nom) Léon Gambetta
32%
La cathédrale est dédiée à St Etienne
32%
Les communes proches dont le nom commence par L sont Lamagdelaine
24%
Le peuple gaulois qui l'occupe est celui des Cadurques
22%
Le nom romain de la ville est Divona Cadurcorum
11%
Le 1er évêque installé dans la ville est Génulphe
5%
Les communes proches dont le nom commence par L sont Le Montat
5%
La ville est traversée par un chemin menant à St Jacques de Compostelle appelé Via Podiensis
3%
Les communes proches dont le nom commence par L sont Labastide-Larnhac
0%
Aucun quiz correspondant
Distribution des résultats
% des personnes avec chaque résultat
Percentile par nombre de réponses
Votre historique - résultats
Vous n’avez pas pris ce quiz